| 000 | 00543nam a22001817a 4500 | ||
|---|---|---|---|
| 005 | 20251108165927.0 | ||
| 008 | 250721s2002 xx 000 0 ara d | ||
| 082 | 1 | 4 | _a133.5/روا |
| 100 | 1 | _aالرواجبة، عايدة | |
| 245 | 1 | 0 | _aموسوعة الأبراج الشرقية و الغربية و الصينية / |
| 264 | 1 |
_aبيروت : _bدار اليوسف، _c2002. |
|
| 300 | _a316ص. | ||
| 650 | 1 | 7 | _aعلم النفس |
| 650 | 1 | 7 | _aالأبراج |
| 650 | 1 | 7 | _aالقوى الخفية |
| 942 |
_2ddc _cBK |
||
| 999 |
_c35039 _d35039 |
||